Central Library OPAC University of Rajshahi

The early Stuarts, 1603-1660 / (Record no. 5404)

MARC details
000 -LEADER
fixed length control field 00964nam a2200277 a 4500
001 - CONTROL NUMBER
control field 5404
003 - CONTROL NUMBER IDENTIFIER
rucl marc code BD-RjUL
005 - DATE AND TIME OF LATEST TRANSACTION
control field 20211208234048.0
008 - FIXED-LENGTH DATA ELEMENTS--GENERAL INFORMATION
fixed length control field 140313r19521937enkb b 001 0 eng d
035 ## - SYSTEM CONTROL NUMBER
System control number (BD-RjUL)BD-RjUL
040 ## - CATALOGING SOURCE
Original cataloging agency TTU
Transcribing agency TTU
Modifying agency BD-RjUL
Language of cataloging eng
041 ## - LANGUAGE CODE
Language code of text/sound track or separate title eng
082 ## - DEWEY DECIMAL CLASSIFICATION NUMBER
Classification number 942.06
Author mark and year DAE 1952
090 ## - LOCALLY ASSIGNED LC-TYPE CALL NUMBER (OCLC); LOCAL CALL NUMBER (OCLC)
Classification number (OCLC) (R) ; Classification number, CALL (RLIN) (NR) DA390
Local cutter number (OCLC) ; Book number/undivided call number, CALL (RLIN) .D3 1945
100 1# - MAIN ENTRY--PERSONAL NAME
Personal name Davies, Godfrey,
Dates associated with a name 1892-1957.
9 (RLIN) 75100
245 14 - TITLE STATEMENT
Title The early Stuarts, 1603-1660 /
Statement of responsibility, etc. by Godfrey Davies.
250 ## - EDITION STATEMENT
Edition statement First published, 1937 ; reprinted with corrections, 1945.
260 ## - PUBLICATION, DISTRIBUTION, ETC. (IMPRINT)
Place of publication, distribution, etc. Oxford :
Name of publisher, distributor, etc. Clarendon Press,
Date of publication, distribution, etc. 1945 [Printed 1952]
300 ## - PHYSICAL DESCRIPTION
Pagination xxi, 452 p. :
Illustrations ill. ;
Size 23 cm.
504 ## - BIBLIOGRAPHY, ETC. NOTE
Bibliography, etc Includes bibliography (p. [414]-436) and index.
651 #0 - SUBJECT ADDED ENTRY--GEOGRAPHIC NAME
Geographic name Great Britain
General subdivision History
Chronological subdivision Early Stuarts, 1603-1649.
9 (RLIN) 64283
Geographic name Great Britain
General subdivision History
Chronological subdivision Commonwealth and Protectorate, 1649-1660.
9 (RLIN) 75101
830 #0 - SERIES ADDED ENTRY--UNIFORM TITLE
Volume number/sequential designation v.9.
Uniform title Oxford history of England ;
942 ## - ADDED ENTRY ELEMENTS (KOHA)
Source of classification or shelving scheme Dewey Decimal Classification
Koha item type Books
Holdings
Lost status Source of classification or shelving scheme Damaged status Not for loan Collection code Permanent Location Current Location Shelving location Date acquired Source of acquisition Cost, normal purchase price Total Checkouts Full call number Date last seen Copy number Koha item type
  Dewey Decimal Classification   Added to bundle Non-fiction Central Library, University of Rajshahi Central Library, University of Rajshahi Reading Room 11/02/1956 A.B.C 24.60   942.06 DAE 1952 13/03/2014 C-1 Books
  Dewey Decimal Classification     Non-fiction Central Library, University of Rajshahi Central Library, University of Rajshahi   23/06/1955 O.U.P 14.10   942.06 DAE 1952 13/03/2014 C-2 Books
  Dewey Decimal Classification     Non-fiction Central Library, University of Rajshahi Central Library, University of Rajshahi   29/09/1955 B.H.Blackwell 1.05   942.06 DAE 1952 13/05/2017 C-3 Books